| 000 | 00366cam a2200157ua 4500 | ||
|---|---|---|---|
| 041 |
_ahin _h |
||
| 082 |
_a891.54 _bKEE/VI |
||
| 100 | _aKeen, Martin L . | ||
| 245 |
_aVijnan ke ghel / _cMartin L Keen. _hTextual Documents |
||
| 250 |
_a1 / _b. |
||
| 260 |
_a : _bShiksha bharati , _c1964. |
||
| 300 | _a48 ; . | ||
| 504 | _a | ||
| 942 | _cBK | ||
| 999 |
_c8352 _d8352 |
||